Mi historia / (Record no. 193188)

MARC details
000 -LEADER
campo de control de longitud fija 02414nam a2200397 i 4500
001 - NÚMERO DE CONTROL
campo de control 193188
003 - IDENTIFICADOR DE NÚMERO DE CONTROL
campo de control SpMaBN
005 - FECHA Y HORA DE LA ÚLTIMA TRANSACCIÓN
campo de control 20250719025403.0
007 - CAMPO FIJO DE DESCRIPCIÓN FÍSICA--INFORMACIÓN GENERAL
campo de control de longitud fija ta
008 - DATOS DE LONGITUD FIJA--INFORMACIÓN GENERAL
campo de control de longitud fija 230930s2022 sp a | |||| 000 0aspa
017 ## - NÚMERO DE COPYRIGHT O DE DEPÓSITO LEGAL
Número de copyright o de depósito legal M 25507-2022
Agencia que asigna Oficina Depósito Legal Madrid
020 ## - NÚMERO INTERNACIONAL ESTÁNDAR DEL LIBRO
Número Internacional Estándar del Libro 9788413844701
035 ## - NÚMERO DE CONTROL DEL SISTEMA
Número de control de sistema a7198154
040 ## - FUENTE DE CATALOGACIÓN
Centro catalogador/agencia de origen SpMaBN
Lengua de catalogación spa
Centro/agencia transcriptor SpMaBN
Normas de descripción rda
Centro/agencia modificador Es-MaACL
080 ## - NÚMERO DE LA CLASIFICACIÓN DECIMAL UNIVERSAL
Número de la Clasificación Decimal Universal 929 Ruiz de la Prada, Ágatha
080 ## - NÚMERO DE LA CLASIFICACIÓN DECIMAL UNIVERSAL
Número de la Clasificación Decimal Universal 687.01 Ruiz de la Prada, Ágatha
100 1# - ENTRADA PRINCIPAL--NOMBRE DE PERSONA
Nombre de persona Ruiz de la Prada, Ágatha,
Fechas asociadas al nombre 1960-
Término indicativo de función/relación Autor
9 (RLIN) 234284
245 10 - MENCIÓN DEL TÍTULO
Título Mi historia /
Mención de responsabilidad, etc. Ágatha Ruiz de la Prada ; con la colaboración de Pedro Narváez
250 ## - MENCION DE EDICION
Mención de edición Tercera edición: enero de 2023
264 #1 - PRODUCCIÓN, PUBLICACIÓN, DISTRIBUCIÓN, FABRICACIÓN Y COPYRIGHT
Producción, publicación, distribución, fabricación y copyright Madrid :
Nombre del de productor, editor, distribuidor, fabricante La Esfera de los Libros,
Fecha de producción, publicación, distribución, fabricación o copyright 2023
300 ## - DESCRIPCIÓN FÍSICA
Extensión 323 páginas, 40 páginas de láminas (color y negro) ;
Dimensiones 24 cm
336 ## - TIPO DE CONTENIDO
Término de tipo de contenido Texto
Fuente rdacontent
337 ## - TIPO DE MEDIO
Nombre/término del tipo de medio sin mediación
Fuente rdamedia
338 ## - TIPO DE SOPORTE
Nombre/término del tipo de soporte volumen
Fuente rdacarrier
500 ## - NOTA GENERAL
Nota general Índice
520 ## - RESUMEN, ETC.
Sumario, etc. Soy Agatha Ruiz de la Prada, diseñadora, una de las musas de la Movida, marquesa de Castelldosríus, baronesa de Santa Pau y grande de España.<br/><br/>Me encanta trabajar y hacer planes. Mi marca tiene éxito desde hace más de treinta años. Mis diseños se reconocen en todo el mundo y han desfilado en las mejores pasarelas. Creo que en casi todas las casas ha habido algún producto con un corazón fucsia o alguna flor creados por mí.<br/><br/>Soy feminista. Fui una de las responsables para acabar con la ley que discriminaba a la mujer frente al varón en la sucesión de los títulos nobiliarios.<br/><br/>Desde la cuna me he relacionado con el poder. En un momento dado salvé a un hombre del ostracismo social. Luego, me salvé a mí misma de vivir a la sombra por ser mujer y haber pasado de los cuarenta. Ahora, soy cualquier cosa menos una mujer invisible. <br/><br/>Esta es la historia que nunca conté…
600 14 - PUNTO DE ACCESO ADICIONAL DE MATERIA--NOMBRE DE PERSONA
Nombre de persona Ruiz de la Prada, Ágatha,
Fechas asociadas al nombre 1960-
9 (RLIN) 234284
655 #7 - TERMINO DE INDIZACIÓN--GENERO/FORMA
Datos o término principal de género/forma Autobiografías
9 (RLIN) 226823
700 ## - ENTRADA AGREGADA--NOMBRE PERSONAL
Nombre de persona Narváez, Pedro,
Fechas asociadas al nombre 1964-
9 (RLIN) 234285
852 ## - LOCALIZACIÓN
Ubicación Es-MaACL
itemnumber 200564
Sublocalización o colección R.154595
Número de control de estantería N-9354
Ubicación en estantería Depósito J
Anotaciones manuscritas Dedicatoria autógrafa de la autora
Donativo/Legado Donación: Ágatha Ruiz de la Prada
Encuadernación Encuadernación rústica con solapas
942 ## - ELEMENTOS DE ENTRADA SECUNDARIOS (KOHA)
Suprimir en OPAC No
Tipo de ítem Koha Libro impreso
Holdings
Estatus retirado Estado de pérdida Fuente del sistema de clasificación o colocación Estado de daño No para préstamo Colección Biblioteca de origen Biblioteca actual Ubicación en estantería Fecha de adquisición Fuente de adquisición Número de control de estantería Total de préstamos Signatura topográfica completa Código de barras Visto por última vez Tipo de ítem Koha Nota pública
    Clasificación decimal universal     Libros con dedicatorias Biblioteca del Ateneo de Madrid Biblioteca del Ateneo de Madrid Depósito J 30/09/2023 Donación Ateneísta   N-9354 101205859 30/09/2023 Libro impreso Dedicatoria autógrafa de la autora